Survey of progress in chemistry. V 1 (Record no. 20571)

MARC details
000 -LEADER
fixed length control field 00278nam a2200109Ia 4500
082 ## - DEWEY DECIMAL CLASSIFICATION NUMBER
Classification number 054
Item number SCO
245 #0 - TITLE STATEMENT
Title Survey of progress in chemistry. V 1
260 ## - PUBLICATION, DISTRIBUTION, ETC. (IMPRINT)
Place of publication New York
Name of publisher Academic
Year of publication 1963
700 ## - ADDED ENTRY--PERSONAL NAME
Personal name Scott, Arthur F
942 ## - ADDED ENTRY ELEMENTS (KOHA)
Koha item type Books
Holdings
Withdrawn status Lost status Damaged status Not for loan Home library Current library Date acquired Cost, normal purchase price Full call number Accession Number Koha item type
        RRII Library RRII Library 16/12/2021 7.95 054 SCO 01294 Books